| 000 | 00979cam a22002893a 4500 | ||
|---|---|---|---|
| 001 | 23044 | ||
| 003 | PGUSA | ||
| 005 | 20140828083506.0 | ||
| 008 | 071123s2007||||xxu|||||s|||||000 | eng d | ||
| 040 |
_aPGUSA _beng |
||
| 042 | _adc | ||
| 050 | 4 | _aPR | |
| 100 | 1 |
_aShakespeare, William, _d1564-1616 |
|
| 245 | 1 | 4 |
_aThe Merry Wives of Windsor : _bThe Works of William Shakespeare [Cambridge Edition] [9 vols.] _h[electronic resource] / _cWilliam Shakespeare |
| 260 |
_bProject Gutenberg, _c2007 |
||
| 506 | _aPublic domain in the USA. | ||
| 516 | _aElectronic text | ||
| 653 | _aFalstaff, John, Sir (Fictitious character) -- Drama | ||
| 653 | _aWindsor (Berkshire, England) -- Drama | ||
| 653 | _aComedies | ||
| 653 | _aMarried women -- Drama | ||
| 700 | 1 |
_aClark, William George, _d1821-1878 |
|
| 700 | 1 | _aGlover, John, librarian of Trinity College, Cambridge | |
| 830 | 0 |
_aProject Gutenberg _v23044 |
|
| 856 | 4 | 0 | _uhttp://www.gutenberg.org/ebooks/23044 |
| 942 | _cEB | ||
| 999 |
_c252299 _d252299 |
||